000 00902nam a2200277 a 4500
001 67335
003 BD-RjUL
005 20211209081635.0
008 170323s1949 nyua 001 0 eng d
035 _a(BD-RjUL)67466
035 _a(OCoLC)02411739
035 _aGLIS00321796
040 _aDLC
_cTOL
_dBD-RjUL
_beng
041 _aeng
082 _223
_a621.38
_bELE 1949
245 1 0 _aElectronic time measurements /
_cedited by Britton Chance... [et al]
260 _aNew York :
_bMcGraw-Hill Book Co.,
_c1949.
300 _axviii, 538 p. :
_bill. ;
_c24 cm.
490 1 _aRadiation Laboratory series (Massachusetts Institute of Technology).
500 _aIncludes indexes.
650 0 _aTime measurements.
_9199499
700 _aChance, Britton
_9199500
830 0 _aRadiation Laboratory series (Massachusetts Institute of Technology).
_9204456
942 _2ddc
_cBK
999 _c67335
_d67335